| 000 | 01193nam a2200277 i 4500 | ||
|---|---|---|---|
| 001 | 000004523 | ||
| 003 | DO-SdBNP | ||
| 005 | 20231127124811.0 | ||
| 007 | ta | ||
| 008 | 090723s1974 dr 000 0 spa d | ||
| 040 |
_aDO-SdBNP _bspa _cBNPHU _erda |
||
| 082 | 4 |
_a320.97293 _bA473i _222 |
|
| 100 | 1 |
_aÁlvarez, Federico C. _913213 _eautor |
|
| 245 | 1 | 0 |
_aIdeología política del pueblo dominicano / _cFederico C. Álvarez. |
| 264 | 1 |
_aSanto Domingo : _bSociedad Dominicana de Bibliófilos, _c1974. |
|
| 300 |
_a65 páginas ; _c20 cm. |
||
| 336 |
_2rdacontent _atexto _btxt |
||
| 337 |
_2rdamedia _asin mediación _bn |
||
| 338 |
_2rdacarrier _avolumen _bnc |
||
| 500 | _aConferencia leida por el Lic. Federico C. Álvarez en la sesión extraordinaria de la Sociedad Amanes de la Luz, Santiago de los Caballeros , el 17 de julio de 1929. | ||
| 500 | _aIncluye la portada de la edición publicada en: Santiago de los Caballeros, República Dominicana: Talleres de la información, 1929. | ||
| 590 | _aInventariado, 2018/ YL | ||
| 650 | 4 |
_aRepública Dominicana _xPolítica y gobierno _vEnsayos, conferencias, etc. _913214 |
|
| 910 | _aValidado. Control de calidad MMOLINA | ||
| 942 |
_2ddc _cLBS1 |
||
| 999 |
_c4332 _d4332 |
||